| 000 | 00585nam a22001937a 4500 | ||
|---|---|---|---|
| 005 | 20251108163351.0 | ||
| 008 | 250721s9999 xx 000 0 ara d | ||
| 082 | 1 | 4 | _a343.62/منش |
| 100 | 1 | _aالمنشاوي، عبد الحميد | |
| 245 | 1 | 0 | _aجرائم خيانة الأمانه و التبديد / |
| 264 | 1 |
_aالإسكندريه : _bدار الفكر الجامعي، _c[19-]. |
|
| 300 | _a260ص | ||
| 650 | 1 | 7 | _aالجريمة |
| 650 | 1 | 7 | _aالمجرمون |
| 650 | 1 | 7 | _aالقانون الجنائي |
| 650 | 1 | 7 | _aالعقوبات |
| 942 |
_2ddc _cBK |
||
| 999 |
_c883 _d883 |
||